Logo BPK

Biblioteka

Politechniki Koszalińskiej

Social change in contemporary Britain / (Rekord nr 49263)

Szczegóły MARC
000 -ETYKIETA REKORDU
podpole kontrolne o stałej długości 00843nam a2200241 i 4500
001 - NUMER KONTROLNY REKORDU
pole kontrolne bgj
020 ## - MIĘDZYNARODOWY ZNORMALIZOWANY NUMER KSIĄŻKI - ISBN
ISBN 0745607837
040 ## - ŹRÓDŁO KATALOGOWANIA
Instytucja, która utworzyła rekord BPK
041 0# - KOD JĘZYKA
Kod języka tekstu eng
920 ## - Międzynarodowy znormalizowany numer książki – ISBN
ISBN 0-7456-0783-7
008 - POLE O STAŁEJ DŁUGOŚCI - DANE KONTROLNE
podpole kontrolne o stałej długości s uk f |000 0 eng
245 00 - TYTUŁ/ODPOWIEDZIALNOŚĆ
Tytuł Social change in contemporary Britain /
Pozostałe elementy strefy tytułu i oznaczenia odpowiedzialności edited by Nicholas Abercrombie and Alan Warde.
250 ## - STREFA WYDANIA
Oznaczenie wydania 2nd reprint.
260 ## - STREFA ADRESU WYDAWNICZEGO
Miejsce wydania Cambridge, UK :
Nazwa wydawcy/dystrybutora Polity Press,
Data publikacji, dystrybucji/powstania dokumentu 1995
Miejsce wydania Cambridge, MA, USA.
300 ## - STREFA OPISU FIZYCZNEGO
Objętość XI, 189 pp :
Inne cechy fizyczne tables, graphs, ;
Rozmiary 23 cm.
500 ## - UWAGI OGÓLNE
Tekst uwagi 1st published in 1992 by Polity Press in association with Blackwell Publishers Ltd.
505 ## - SFORMALIZOWANA UWAGA DOTYCZĄCA ZAWARTOŚCI
Pełny tekst uwagi Includes bibliographical references and index.
650 #9 - HASŁO PRZEDMIOTOWE W FORMIE NAZWY OGÓLNEJ LUB JEDNOSTKOWEJ
Nazwa ogólna lub geograficzna Social changes
651 #9 - HASŁO PRZEDMIOTOWE W FORMIE NAZWY GEOGRAFICZNEJ
Nazwa geograficzna Great Britain
Określnik ogólny Social conditions
Określnik chronologiczny 1945-
700 1# - HASŁO DODATKOWE - NAZWA OSOBOWA
Nazwa osobowa Abercrombie, Nicholas.
Określenie związku między hasłem a opisywanym materiałem co-editor
700 1# - HASŁO DODATKOWE - NAZWA OSOBOWA
Nazwa osobowa Warde, Alan.
Określenie związku między hasłem a opisywanym materiałem co-editor
856 ## - LOKALIZACJA I DOSTĘP DO ELEKTRONICZNYCH DOKUMENTÓW ZDALNYCH
Link (URL) http://koha.tu.koszalin.pl/cgi-bin/koha/opac-detail.pl?biblionumber=49263
Tekst linku Katalog online BPK
942 ## - DODATKOWE ELEMENTY (KOHA)
Typ dokumentu Książka
Egzemplarze
Wycofany Status egzemplarza Uszkodzony Dostępność Lokalizacja stała Lokalizacja bieżąca Miejsce przechowywania Sygnatura Kod kreskowy Typ dokumentu
      Dostępny Biblioteka Politechniki Koszalińskiej Biblioteka Politechniki Koszalińskiej Wypożyczalnia Językowa BR 117 09000391 Książka
      Tylko na miejscu Biblioteka Politechniki Koszalińskiej Biblioteka Politechniki Koszalińskiej Czytelnia Wydziałowa ul. Kwiatkowskiego 6e BR 118 09000407 Książka
© 2023 Biblioteka Politechniki Koszalińskiej :: KOHA